000 00571 a2200145 4500
082 _a BICSE-2
100 _aAmin Ijaz
_993184
245 _a Performance Analysis of OFDM using FEC Techniques [Project BICSE2]
_cAmin Ijaz
260 _aIsalamabad,
_bNUST School of Electrical Engineering & Computer Science,
_c2008.
300 _a60 p.
_b: ill.
_c; 27 cm.+
_eCD-ROM
500 _aSupervisors : Ms. Khalida Noori, Mr. Sami Ahmad.
700 _aAsad Nazir & Muhammad Noman.
_993185
856 _uhttp://10.250.8.41:8080/xmlui/handle/123456789/8513
942 _cPR
_kBICSE-2 AMI
_2ddc
999 _c9136
_d9136